Factors stabilizing the ant populations (hymenoptera formicidae) in the grass associations of the Tisza basin /

Elmentve itt :
Bibliográfiai részletek
Szerző: Gallé László
Dokumentumtípus: Cikk
Megjelent: 1975
Sorozat:Tiscia
Kulcsszavak:Természettudomány
Online Access:http://acta.bibl.u-szeged.hu/9749
LEADER 00643nab a2200181 i 4500
001 acta9749
005 20210323131033.0
008 161015s1975 hu o 0|| eng d
022 |a 0563-587X 
040 |a SZTE Egyetemi Kiadványok Repozitórium  |b hun 
041 |a eng 
100 1 |a Gallé László 
245 1 0 |a Factors stabilizing the ant populations (hymenoptera  |h [elektronikus dokumentum] :  |b formicidae) in the grass associations of the Tisza basin /  |c  Gallé László 
260 |c 1975 
300 |a 61-66 
490 0 |a Tiscia 
695 |a Természettudomány 
856 4 0 |u http://acta.bibl.u-szeged.hu/9749/1/tiscia_010_061-066.pdf  |z Dokumentum-elérés